000 01033nam a2200277Ia 4500
003 GCL
005 20240530103915.0
008 140319s9999 xx 000 0 ara d
020 _a1771255977
040 _aGCL /
_cGCL
082 0 4 _aق
_b953.082
_bو ج
100 1 _aوفاء محمد على
245 1 0 _aجهود المماليك الحربية ضد الصليبين /
_cوفاء محمد على
250 _aالثانية
260 _aالقاهرة :
_bالمكتب الجامعى الحديث ،
_c1991
300 _a127 ص ؛
_c24 سم
650 0 4 _aالحروب الصليبية
650 0 4 _aالمماليك الجراكسة
650 0 4 _aالحروب الصليبية فى مصر
650 0 4 _aالمماليك البحرية
650 0 4 _aالمماليك - تاريخ
650 0 4 _aالحروب الصليبية فى قبرص ورودس
650 0 4 _aالحروب الصليبية فى ارمينيا
650 0 4 _aالحروب الصليبية فى الحبشة والنوبة
942 _2ddc
_cBK
999 _c43368
_d43368